[Event "South Moravia Region-chT 2223"]
[Site "Czech Republic"]
[Date "2022.11.13"]
[Round "3.1"]
[White "David, Pavel"]
[Black "Vyskocil, Neklan"]
[Result "1/2-1/2"]
[WhiteElo "2298"]
[BlackElo "2302"]
[PlyCount "20"]
[EventDate "2022.10.09"]
[EventType "team-tourn"]
[EventRounds "11"]
[EventCountry "CZE"]
[SourceTitle "EXT 2024"]
[Source "ChessBase"]
[SourceDate "2023.10.10"]
[SourceVersion "1"]
[SourceVersionDate "2023.10.10"]
[SourceQuality "1"]

1. Nf3 d5 2. g3 g6 3. Bg2 Bg7 4. d4 Nf6 5. 0-0 0-0 6. c4 c6 7. cxd5 cxd5 8. Ne5 Nc6 9. Nxc6 bxc6 10. Nc3 Nd7 1/2-1/2

[Event "CZE-chT2E 1920"]
[Site "Czech Republic"]
[Date "2019.12.15"]
[Round "5.4"]
[White "Sevcik, Leos"]
[Black "David, Pavel"]
[Result "1/2-1/2"]
[WhiteElo "1927"]
[BlackElo "2311"]
[PlyCount "94"]
[EventDate "2019.10.13"]
[EventType "team-tourn"]
[EventRounds "11"]
[EventCountry "CZE"]
[SourceTitle "EXT 2024"]
[Source "ChessBase"]
[SourceDate "2023.10.10"]
[SourceVersion "1"]
[SourceVersionDate "2023.10.10"]
[SourceQuality "1"]
[WhiteTeam "Adamov"]
[BlackTeam "Lipovec Garde"]
[WhiteTeamCountry "CZE"]
[BlackTeamCountry "CZE"]

1. e4 c5 2. Nf3 d6 3. d4 cxd4 4. Nxd4 Nf6 5. Nc3 a6 6. a4 Nc6 7. Be2 e6 8. 0-0 Be7 9. Be3 0-0 10. Nb3 b6 11. f4 Qc7 12. Bf3 Rb8 13. Qe2 Na5 14. Rad1 Nc4 15. Bc1 b5 16. axb5 axb5 17. Rfe1 b4 18. Nb1 Ba6 19. Qf2 Rfc8 20. Kh1 Bf8 21. h3 Nb6 22. c3 Na4 23. cxb4 Rxb4 24. Nd4 Qb6 25. e5 Nd7 26. b3 Rxb3 27. Be3 Rb2 28. Qg3 Nac5 29. exd6 Bb7 30. Nc3 Qb4 31. Bxb7 Nxb7 32. Ne4 Nxd6 33. Ng5 Nf6 34. Ngf3 Nde4 35. Qh4 Be7 36. Ng5 h6 37. Nxe4 Nxe4 38. Qg4 Bf6 39. Nxe6 h5 40. Qf3 fxe6 41. Bd4 Bxd4 42. Qxe4 Rd8 43. Qxe6+ Kh8 44. Qf7 Rd2 45. Re8+ Rxe8 46. Qxe8+ Kh7 47. Qxh5+ Kg8 1/2-1/2

[Event "CZE-chT2E 1920"]
[Site "Czech Republic"]
[Date "2019.11.03"]
[Round "2.5"]
[White "Benes, Miroslav"]
[Black "David, Pavel"]
[Result "1/2-1/2"]
[WhiteElo "2037"]
[BlackElo "2311"]
[PlyCount "32"]
[EventDate "2019.10.13"]
[EventType "team-tourn"]
[EventRounds "11"]
[EventCountry "CZE"]
[SourceTitle "EXT 2024"]
[Source "ChessBase"]
[SourceDate "2023.10.10"]
[SourceVersion "1"]
[SourceVersionDate "2023.10.10"]
[SourceQuality "1"]
[WhiteTeam "Kromeriz Slavia II"]
[BlackTeam "Lipovec Garde"]
[WhiteTeamCountry "CZE"]
[BlackTeamCountry "CZE"]

1. d4 Nf6 2. c4 g6 3. Nc3 d5 4. cxd5 Nxd5 5. e4 Nxc3 6. bxc3 Bg7 7. Nf3 c5 8. Rb1 0-0 9. Be2 b6 10. 0-0 Bb7 11. Qd3 Ba6 12. Qe3 Bxe2 13. Qxe2 e6 14. Bg5 Qc7 15. Qe3 Nd7 16. e5 Rac8 1/2-1/2

[Event "CZE-chT2E 1819"]
[Site "Czech Republic"]
[Date "2019.03.17"]
[Round "10.4"]
[White "David, Pavel"]
[Black "Bilek, Petr"]
[Result "1-0"]
[WhiteElo "2312"]
[BlackElo "2002"]
[PlyCount "83"]
[EventDate "2018.10.14"]
[EventType "team-tourn"]
[EventRounds "11"]
[EventCountry "CZE"]
[SourceTitle "EXT 2022"]
[Source "ChessBase"]
[SourceDate "2021.10.06"]
[SourceVersion "1"]
[SourceVersionDate "2021.10.06"]
[SourceQuality "1"]
[WhiteTeam "Lipovec Garde"]
[BlackTeam "Veseli nad Moravou"]
[WhiteTeamCountry "CZE"]
[BlackTeamCountry "CZE"]

1. e4 c6 2. c4 d5 3. exd5 cxd5 4. cxd5 Nf6 5. Nc3 Nbd7 6. Nf3 Nb6 7. Ne5 Qd6 8. d4 Bd7 9. Qb3 e6 10. Nxd7 Nfxd7 11. dxe6 fxe6 12. Nb5 Qc6 13. Bf4 Nd5 14. Rc1 Bb4+ 15. Qxb4 Qxc1+ 16. Bxc1 Nxb4 17. Bd2 Nd5 18. Bd3 0-0 19. 0-0 N7f6 20. Re1 Rfe8 21. g3 Re7 22. Bc4 a6 23. Nc3 Rae8 24. f4 Kf8 25. Bb3 Rd7 26. Re5 g6 27. h3 Nc7 28. Ne2 Nfd5 29. g4 Rf7 30. Kg2 Kg7 31. Kg3 Ref8 32. h4 h6 33. Bc2 b5 34. h5 gxh5 35. Rxh5 Nf6 36. Re5 Nd7 37. Rh5 Nf6 38. Re5 Rd8 39. Ba5 Nfd5 40. Be4 Nf6 41. Bf3 Re8 42. g5 1-0

[Event "CZE-chT2E 1718"]
[Site "Czech Republic"]
[Date "2018.04.08"]
[Round "11.1"]
[White "Hosek, Martin"]
[Black "David, Pavel"]
[Result "1/2-1/2"]
[WhiteElo "2098"]
[BlackElo "2326"]
[PlyCount "61"]
[EventDate "2017.10.15"]
[EventType "team-tourn"]
[EventRounds "11"]
[EventCountry "CZE"]
[SourceTitle "EXT 2022"]
[Source "ChessBase"]
[SourceDate "2021.10.06"]
[SourceVersion "1"]
[SourceVersionDate "2021.10.06"]
[SourceQuality "1"]
[WhiteTeam "Jundrov Jezdci"]
[BlackTeam "Lipovec Garde"]
[WhiteTeamCountry "CZE"]
[BlackTeamCountry "CZE"]

1. d4 Nf6 2. c4 g6 3. Nc3 d5 4. Nf3 Bg7 5. e3 0-0 6. cxd5 Nxd5 7. Bc4 Nb6 8. Bb3 c5 9. 0-0 cxd4 10. exd4 Nc6 11. Be3 Bg4 12. h3 Bxf3 13. Qxf3 Nxd4 14. Qxb7 e5 15. Rfd1 Qc8 16. Qe4 Nxb3 17. axb3 Qe6 18. Bc5 Rfc8 19. Rd6 Qe7 20. b4 Qe8 21. Bxb6 axb6 22. Rxa8 Rxa8 23. Rxb6 Rd8 24. Qc4 Qd7 25. Ne4 Rc8 26. Nc5 Qd1+ 27. Qf1 Qd4 28. Rb7 Bf8 29. Qb5 Bxc5 30. bxc5 Qxc5 31. Qxc5 1/2-1/2

[Event "CZE-chT2E 1718"]
[Site "Czech Republic"]
[Date "2018.02.11"]
[Round "8.2"]
[White "Markovic, Ivan1111"]
[Black "David, Pavel"]
[Result "1/2-1/2"]
[WhiteElo "2146"]
[BlackElo "2326"]
[PlyCount "24"]
[EventDate "2017.10.15"]
[EventType "team-tourn"]
[EventRounds "11"]
[EventCountry "CZE"]
[SourceTitle "EXT 2022"]
[Source "ChessBase"]
[SourceDate "2021.10.06"]
[SourceVersion "1"]
[SourceVersionDate "2021.10.06"]
[SourceQuality "1"]
[WhiteTeam "Hustopece"]
[BlackTeam "Lipovec Garde"]
[WhiteTeamCountry "CZE"]
[BlackTeamCountry "CZE"]

1. e4 c5 2. Nf3 d6 3. d3 g6 4. g3 Bg7 5. Bg2 Nc6 6. 0-0 e5 7. c3 Nge7 8. Na3 0-0 9. Nh4 Be6 10. Nc2 Qd7 11. Be3 f5 12. f4 exf4 1/2-1/2

[Event "CZE-chT2E 1617"]
[Site "Czech Republic"]
[Date "2017.03.19"]
[Round "10.3"]
[White "David, Pavel"]
[Black "Slepov, Kyryl"]
[Result "1/2-1/2"]
[WhiteElo "2332"]
[BlackElo "2072"]
[PlyCount "25"]
[EventDate "2016.09.10"]
[EventType "team-tourn"]
[EventRounds "11"]
[EventCountry "CZE"]
[SourceTitle "EXT 2022"]
[Source "ChessBase"]
[SourceDate "2021.10.06"]
[SourceVersion "1"]
[SourceVersionDate "2021.10.06"]
[SourceQuality "1"]
[WhiteTeam "Lipovec Garde"]
[BlackTeam "Jundrov Jezdci"]
[WhiteTeamCountry "CZE"]
[BlackTeamCountry "CZE"]

1. c4 e5 2. Nc3 Bb4 3. Nf3 Nc6 4. g3 Nf6 5. Bg2 0-0 6. 0-0 Re8 7. d3 Bxc3 8. bxc3 d6 9. Rb1 Rb8 10. Ne1 Bd7 11. h3 e4 12. Nc2 Qe7 13. Bf4 1/2-1/2

[Event "CZE-chT2E 1617"]
[Site "Czech Republic"]
[Date "2016.12.11"]
[Round "5.3"]
[White "David, Pavel"]
[Black "Sevcik, Leos"]
[Result "1-0"]
[WhiteElo "2332"]
[BlackElo "1975"]
[PlyCount "78"]
[EventDate "2016.09.10"]
[EventType "team-tourn"]
[EventRounds "11"]
[EventCountry "CZE"]
[SourceTitle "EXT 2022"]
[Source "ChessBase"]
[SourceDate "2021.10.06"]
[SourceVersion "1"]
[SourceVersionDate "2021.10.06"]
[SourceQuality "1"]
[WhiteTeam "Lipovec Garde"]
[BlackTeam "Adamov"]
[WhiteTeamCountry "CZE"]
[BlackTeamCountry "CZE"]

1. c4 e6 2. Nc3 d5 3. cxd5 exd5 4. d4 Nf6 5. Bg5 Be7 6. e3 0-0 7. Bd3 c6 8. Qc2 h6 9. Bh4 Be6 10. Nge2 Nbd7 11. h3 c5 12. dxc5 Nxc5 13. 0-0 Rc8 14. Rfd1 Qb6 15. Nd4 Nxd3 16. Rxd3 g5 17. Bg3 Ne4 18. Be5 Bf6 19. Bxf6 Nxf6 20. Qb3 Qxb3 21. axb3 a6 22. Ra5 Rc7 23. f3 Re8 24. Kf2 Kg7 25. Ke2 Kg6 26. Kd2 h5 27. Nde2 Rec8 28. Rd4 Rc6 29. h4 b5 30. hxg5 Kxg5 31. Ra1 Nd7 32. Rf4 Nf6 33. Nd4 Rd6 34. Rh1 Rd7 35. Rfh4 Rdc7 36. Nce2 Rg8 37. Nf4 Bd7 38. Nxh5 Nxh5 39. Rxh5+ Kf6 1-0

[Event "CZE-chT2E 1617"]
[Site "Czech Republic"]
[Date "2016.10.23"]
[Round "2.3"]
[White "Cagasik, Tomas"]
[Black "David, Pavel"]
[Result "1/2-1/2"]
[WhiteElo "2198"]
[BlackElo "2332"]
[PlyCount "26"]
[EventDate "2016.09.10"]
[EventType "team-tourn"]
[EventRounds "11"]
[EventCountry "CZE"]
[SourceTitle "EXT 2022"]
[Source "ChessBase"]
[SourceDate "2021.10.06"]
[SourceVersion "1"]
[SourceVersionDate "2021.10.06"]
[SourceQuality "1"]
[WhiteTeam "Kromeriz Slavia II"]
[BlackTeam "Lipovec Garde"]
[WhiteTeamCountry "CZE"]
[BlackTeamCountry "CZE"]

1. e4 c5 2. Nf3 d6 3. d4 cxd4 4. Nxd4 a6 5. c4 Nf6 6. Nc3 g6 7. Be2 Bg7 8. Be3 0-0 9. 0-0 Nc6 10. f4 Bd7 11. Bf3 Rc8 12. Nxc6 Bxc6 13. Rc1 Nd7 1/2-1/2

[Event "CZE-chT2E 1516"]
[Site "Czech Republic"]
[Date "2015.11.08"]
[Round "2.2"]
[White "David, Pavel"]
[Black "Kratochvil, Vit"]
[Result "1/2-1/2"]
[WhiteElo "2331"]
[BlackElo "2254"]
[PlyCount "189"]
[EventDate "2015.10.18"]
[EventType "team-tourn"]
[EventRounds "11"]
[EventCountry "CZE"]
[SourceTitle "EXT 2022"]
[Source "ChessBase"]
[SourceDate "2021.10.06"]
[SourceVersion "1"]
[SourceVersionDate "2021.10.06"]
[SourceQuality "1"]
[WhiteTeam "Lipovec Garde"]
[BlackTeam "Jihlava Silko Gambit"]
[WhiteTeamCountry "CZE"]
[BlackTeamCountry "CZE"]

1. c4 c5 2. Nc3 Nc6 3. g3 g6 4. Bg2 Bg7 5. a3 d6 6. Rb1 a5 7. d3 e5 8. e3 Nge7 9. Nge2 0-0 10. 0-0 Rb8 11. Bd2 Be6 12. Nd5 Bxd5 13. cxd5 Na7 14. b4 axb4 15. axb4 Qd7 16. b5 Ra8 17. Qb3 Nac8 18. e4 Nb6 19. h4 Ra7 20. Ra1 Rfa8 21. Rxa7 Rxa7 22. Nc3 Qc8 23. Bc1 Qa8 24. Bh3 Ra1 25. Bb2 Ra5 26. Bc1 Na4 27. Nb1 Nb6 28. Nc3 Qe8 29. Bg5 h6 30. Bc1 Nec8 31. Bb2 Na7 32. Ra1 Rxa1+ 33. Bxa1 h5 34. Qa2 Qb8 35. Kf1 Bh6 36. Ke2 Nac8 37. Qa5 Qa7 38. Qxa7 Nxa7 39. Kd1 Kf8 40. Kc2 Ke7 41. Bb2 Na8 42. Ba1 g5 43. hxg5 Bxg5 44. Kd1 h4 45. gxh4 Bxh4 46. Ke2 Bg5 47. Bb2 Ke8 48. Bg4 Bd8 49. f4 f6 50. Kf3 Ba5 51. Ne2 Nc7 52. Bc3 Bb6 53. Ng3 Ncxb5 54. Be1 Nd4+ 55. Kg2 Bd8 56. Nh5 Kf7 57. Bh4 Be7 58. Ng3 b5 59. Bh5+ Kf8 60. Ne2 Nxe2 61. Bxe2 b4 62. Bd1 Nb5 63. Bf2 Kg8 64. Kf3 Nc3 65. Bc2 Bf8 66. fxe5 fxe5 67. Be3 Kf7 68. Bd2 Nb5 69. Ba4 Nd4+ 70. Kf2 Be7 71. Be3 Bh4+ 72. Kf1 Nf3 73. Ke2 Nh2 74. Bd7 Bg3 75. Bg1 b3 76. Ba4 b2 77. Bc2 Bf4 78. Bxh2 Bxh2 79. Bb1 Bf4 80. Kd1 Be3 81. Kc2 Bd4 82. Ba2 Ke7 83. Kb1 Kd7 84. Bc4 Kc7 85. Bb5 Kb6 86. Bc4 Ka5 87. Kc2 Kb4 88. Ba6 Ka3 89. Bc4 Bf2 90. Kb1 Be1 91. Kc2 Bc3 92. Kb1 Bd4 93. Kc2 Bc3 94. Kb1 Bd4 95. Kc2 1/2-1/2

[Event "CZE-chT2E 1415"]
[Site "Czech Republic"]
[Date "2015.03.15"]
[Round "9.1"]
[White "Burdalev, Kirill"]
[Black "David, Pavel"]
[Result "1/2-1/2"]
[WhiteElo "2275"]
[BlackElo "2358"]
[PlyCount "24"]
[EventDate "2014.11.02"]
[EventType "team-tourn"]
[EventRounds "11"]
[EventCountry "CZE"]
[SourceTitle "EXT 2022"]
[Source "ChessBase"]
[SourceDate "2021.10.06"]
[SourceVersion "1"]
[SourceVersionDate "2021.10.06"]
[SourceQuality "1"]
[WhiteTeam "Brno Lokomotiva II"]
[BlackTeam "Lipovec Garde"]
[WhiteTeamCountry "CZE"]
[BlackTeamCountry "CZE"]

1. d4 Nf6 2. Nf3 g6 3. c3 Bg7 4. Bg5 0-0 5. Nbd2 c5 6. Bxf6 Bxf6 7. Ne4 Qb6 8. Qb3 d6 9. dxc5 dxc5 10. Qxb6 axb6 11. Nxf6+ exf6 12. e3 Be6 1/2-1/2

[Event "CZE-chT2E 1415"]
[Site "Czech Republic"]
[Date "2015.02.08"]
[Round "7.1"]
[White "Gasa, Andrej"]
[Black "David, Pavel"]
[Result "1/2-1/2"]
[WhiteElo "2317"]
[BlackElo "2358"]
[PlyCount "32"]
[EventDate "2014.11.02"]
[EventType "team-tourn"]
[EventRounds "11"]
[EventCountry "CZE"]
[SourceTitle "EXT 2022"]
[Source "ChessBase"]
[SourceDate "2021.10.06"]
[SourceVersion "1"]
[SourceVersionDate "2021.10.06"]
[SourceQuality "1"]
[WhiteTeam "Prusanky Podluzan"]
[BlackTeam "Lipovec Garde"]
[WhiteTeamCountry "CZE"]
[BlackTeamCountry "CZE"]

1. e4 c5 2. Nf3 e6 3. d4 cxd4 4. Nxd4 a6 5. Bd3 Nf6 6. 0-0 Qc7 7. Qe2 d6 8. c4 Be7 9. Nc3 0-0 10. Kh1 Nbd7 11. f4 b6 12. Bd2 Bb7 13. Rae1 Rad8 14. Bb1 Rfe8 15. Nf3 g6 16. Bc2 Rc8 1/2-1/2

[Event "CZE-chT2E 1314"]
[Site "Czech Republic"]
[Date "2014.04.06"]
[Round "11.1"]
[White "David, Pavel"]
[Black "Vymazal, Bronislav"]
[Result "1/2-1/2"]
[WhiteElo "2363"]
[BlackElo "2324"]
[PlyCount "57"]
[EventDate "2013.11.03"]
[EventType "team-tourn"]
[EventRounds "11"]
[EventCountry "CZE"]
[SourceTitle "EXT 2016"]
[Source "ChessBase"]
[SourceDate "2015.10.08"]
[SourceVersion "1"]
[SourceVersionDate "2015.10.08"]
[SourceQuality "1"]
[WhiteTeam "Lipovec Garde"]
[BlackTeam "Brno Lokomotiva II"]
[WhiteTeamCountry "CZE"]
[BlackTeamCountry "CZE"]

1. e4 e5 2. Bc4 Nf6 3. d3 Nc6 4. Nf3 Bc5 5. 0-0 d6 6. c3 Bb6 7. a4 0-0 8. Nbd2 a6 9. h3 Ne7 10. a5 Ba7 11. Re1 Ng6 12. Bb3 Nh5 13. Nf1 Nhf4 14. d4 Qf6 15. Be3 Be6 16. N1h2 h5 17. Ra4 b5 18. axb6 Bxb6 19. Kh1 a5 20. Ra1 Rab8 21. Bc2 Rfe8 22. Qc1 Qe7 23. b3 Bc8 24. Qa3 Bb7 25. dxe5 Bxe3 26. fxe3 Ne6 27. exd6 cxd6 28. Qxa5 Nc5 29. Nd2 1/2-1/2

[Event "CZE-chT2E 1314"]
[Site "Czech Republic"]
[Date "2014.03.23"]
[Round "10.1"]
[White "Dobes, Vojtech"]
[Black "David, Pavel"]
[Result "1/2-1/2"]
[WhiteElo "2116"]
[BlackElo "2363"]
[PlyCount "42"]
[EventDate "2013.11.03"]
[EventType "team-tourn"]
[EventRounds "11"]
[EventCountry "CZE"]
[SourceTitle "EXT 2016"]
[Source "ChessBase"]
[SourceDate "2015.10.08"]
[SourceVersion "1"]
[SourceVersionDate "2015.10.08"]
[SourceQuality "1"]
[WhiteTeam "Stare Mesto II"]
[BlackTeam "Lipovec Garde"]
[WhiteTeamCountry "CZE"]
[BlackTeamCountry "CZE"]

1. e4 c5 2. Nf3 d6 3. d4 cxd4 4. Nxd4 Nf6 5. Nc3 a6 6. Bg5 e6 7. f4 Qb6 8. Nb3 Be7 9. Qf3 Nbd7 10. 0-0-0 Qc7 11. Bd3 b5 12. a3 Rb8 13. Rhe1 b4 14. axb4 Rxb4 15. Kb1 h6 16. Bh4 Bb7 17. Qe2 Nc5 18. Nxc5 Qxc5 19. Na2 Ra4 20. Nc3 Rb4 21. Na2 Ra4 1/2-1/2

[Event "CZE-chT2E 1314"]
[Site "Czech Republic"]
[Date "2014.01.05"]
[Round "5.1"]
[White "David, Pavel"]
[Black "Kulovana, Eva"]
[Result "1-0"]
[WhiteElo "2363"]
[BlackElo "2263"]
[PlyCount "75"]
[EventDate "2013.11.03"]
[EventType "team-tourn"]
[EventRounds "11"]
[EventCountry "CZE"]
[SourceTitle "EXT 2016"]
[Source "ChessBase"]
[SourceDate "2015.10.08"]
[SourceVersion "1"]
[SourceVersionDate "2015.10.08"]
[SourceQuality "1"]
[WhiteTeam "Lipovec Garde"]
[BlackTeam "Kurim"]
[WhiteTeamCountry "CZE"]
[BlackTeamCountry "CZE"]

1. c4 c6 2. e4 d5 3. exd5 cxd5 4. cxd5 Nf6 5. Nc3 Nxd5 6. d4 Nc6 7. Nf3 Bg4 8. Qb3 Bxf3 9. gxf3 e6 10. Qxb7 Nxd4 11. Bb5+ Nxb5 12. Qc6+ Ke7 13. Qxb5 Qd7 14. Nxd5+ Qxd5 15. Bg5+ f6 16. Qxd5 exd5 17. Be3 Ke6 18. 0-0-0 Bb4 19. Rd3 Rhd8 20. Kb1 Rd7 21. Rc1 Rb8 22. Rc6+ Kf5 23. Ra6 Rbb7 24. a3 Be7 25. Ka2 Bd8 26. Rxa7 Rxa7 27. Bxa7 Bc7 28. h3 Be5 29. Bc5 Ke6 30. b4 g5 31. Kb3 Rg7 32. a4 Rg6 33. a5 Kd7 34. Rxd5+ Kc6 35. Kc4 Rh6 36. b5+ Kb7 37. a6+ Kc8 38. a7 1-0

[Event "CZE-chT2E 1314"]
[Site "Czech Republic"]
[Date "2013.11.03"]
[Round "1.1"]
[White "Dvorak, Martin"]
[Black "David, Pavel"]
[Result "1/2-1/2"]
[WhiteElo "2194"]
[BlackElo "2363"]
[PlyCount "49"]
[EventDate "2013.11.03"]
[EventType "team-tourn"]
[EventRounds "11"]
[EventCountry "CZE"]
[SourceTitle "EXT 2016"]
[Source "ChessBase"]
[SourceDate "2015.10.08"]
[SourceVersion "1"]
[SourceVersionDate "2015.10.08"]
[SourceQuality "1"]
[WhiteTeam "Postoupky"]
[BlackTeam "Lipovec Garde"]
[WhiteTeamCountry "CZE"]
[BlackTeamCountry "CZE"]

1. e4 c5 2. Nf3 d6 3. d4 cxd4 4. Nxd4 Nf6 5. Nc3 a6 6. Be2 e6 7. a4 Nc6 8. Be3 Be7 9. 0-0 0-0 10. f4 Qc7 11. Nb3 b6 12. Bf3 Rb8 13. g4 Re8 14. Qe2 Na5 15. g5 Nd7 16. Rad1 Nc4 17. Bc1 b5 18. Nd4 b4 19. Nb1 Bf8 20. b3 Na5 21. Qg2 g6 22. Qd2 e5 23. Ne2 exf4 24. Nxf4 Qc5+ 25. Qf2 1/2-1/2

[Event "CZE-chT 1112"]
[Site "Czech Republic"]
[Date "2012.01.08"]
[Round "6.7"]
[White "David, Pavel"]
[Black "Cech, Pavel"]
[Result "0-1"]
[WhiteElo "2386"]
[BlackElo "2369"]
[PlyCount "140"]
[EventDate "2011.10.08"]
[EventType "team-tourn"]
[EventRounds "11"]
[EventCountry "CZE"]
[SourceTitle "EXT 2013"]
[Source "ChessBase"]
[SourceDate "2012.11.22"]
[SourceVersion "1"]
[SourceVersionDate "2012.11.22"]
[SourceQuality "1"]
[WhiteTeam "Zlin"]
[BlackTeam "Turnov Zikuda"]
[WhiteTeamCountry "CZE"]
[BlackTeamCountry "CZE"]

1. c4 c6 2. e4 e5 3. Nf3 d6 4. d4 Nd7 5. Nc3 Ngf6 6. Be2 Be7 7. 0-0 0-0 8. Re1 a6 9. Bg5 Ng4 10. Bc1 Ngf6 11. Bf1 b5 12. a3 Bb7 13. h3 Re8 14. Bg5 h6 15. Bh4 Nh7 16. Bg3 Ng5 17. Nxg5 Bxg5 18. d5 cxd5 19. Nxd5 Bxd5 20. cxd5 Nb6 21. b3 Qf6 22. a4 bxa4 23. bxa4 Nd7 24. Rb1 Nc5 25. f3 Bh4 26. Bxh4 Qxh4 27. Rb6 Qd8 28. a5 Rb8 29. Qb1 Rxb6 30. axb6 Re7 31. Qb4 Rb7 32. Rb1 Qb8 33. Qa5 Nd7 34. Qxa6 Rxb6 35. Rxb6 Nxb6 36. Bb5 Nc8 37. Qc6 Ne7 38. Qe8+ Qxe8 39. Bxe8 f5 40. Kf2 f4 41. Bd7 Kf7 42. Kf1 Kf8 43. Be6 Ke8 44. Kg1 Kd8 45. Kh2 Kc7 46. Kg1 Kb6 47. Kf2 Kc5 48. Ke2 Kd4 49. Kd2 Ng6 50. Ke2 Nf8 51. Bf5 g6 52. Be6 Nh7 53. Bf7 g5 54. Be8 Nf6 55. Ba4 h5 56. Bc6 g4 57. hxg4 hxg4 58. Bb5 gxf3+ 59. gxf3 Nxe4 60. fxe4 Kxe4 61. Bc6 f3+ 62. Kf2 Kf4 63. Ba4 e4 64. Bd1 e3+ 65. Ke1 Kg4 66. Kf1 Kg3 67. Ke1 Kg2 68. Bxf3+ Kxf3 69. Kf1 Ke4 70. Ke2 Kd4 0-1

[Event "CZE-chT 0708"]
[Site "Czech Republic"]
[Date "2008.03.01"]
[Round "8.7"]
[White "David, Pavel"]
[Black "Svatos, Jan"]
[Result "1-0"]
[WhiteElo "2407"]
[BlackElo "2314"]
[PlyCount "78"]
[EventDate "2007.11.17"]
[EventType "team-tourn"]
[EventRounds "11"]
[EventCountry "CZE"]
[SourceTitle "EXT 2009"]
[Source "ChessBase"]
[SourceDate "2008.11.26"]
[SourceVersion "1"]
[SourceVersionDate "2008.11.26"]
[SourceQuality "1"]
[WhiteTeam "Zlin"]
[BlackTeam "Plzen"]
[WhiteTeamCountry "CZE"]
[BlackTeamCountry "CZE"]

1. c4 Nf6 2. Nc3 c5 3. g3 g6 4. Bg2 Bg7 5. a3 Nc6 6. Rb1 0-0 7. b4 cxb4 8. axb4 e6 9. b5 Ne5 10. c5 d5 11. cxd6 Qxd6 12. d4 Nc4 13. Qd3 Nb6 14. Nf3 Nbd5 15. Na4 a5 16. 0-0 Nb4 17. Ba3 Rd8 18. Qb3 Bd7 19. Nc3 Rac8 20. Rfd1 Bf8 21. Ne5 Qb6 22. Nxd7 Rxd7 23. e3 Rdc7 24. Rbc1 Kg7 25. Bf1 h5 26. Bb2 Nbd5 27. Na4 Qd6 28. Nc5 b6 29. e4 bxc5 30. dxc5 Rxc5 31. Rxc5 Rxc5 32. exd5 Rxd5 33. Rxd5 Qxd5 34. Qxd5 exd5 35. b6 Bd6 36. h4 a4 37. b7 Bb8 38. Bg2 a3 39. Ba1 Ba7 1-0

[Event "SVK-chT 0708"]
[Site "Slovakia"]
[Date "2008.01.19"]
[Round "5"]
[White "Zpevak, Pavel"]
[Black "David, Pavel"]
[Result "1-0"]
[WhiteElo "2406"]
[BlackElo "2407"]
[PlyCount "53"]
[EventDate "2007.10.20"]
[EventType "team-tourn"]
[EventRounds "11"]
[EventCountry "SVK"]
[SourceTitle "EXT 2019"]
[Source "ChessBase"]
[SourceDate "2018.10.10"]
[SourceVersion "1"]
[SourceVersionDate "2018.10.10"]
[SourceQuality "1"]
[WhiteTeam "Dubnica nad Vahom"]
[BlackTeam "Hlohovec"]
[WhiteTeamCountry "SVK"]
[BlackTeamCountry "SVK"]

1. d4 Nf6 2. Nf3 g6 3. Bf4 Bg7 4. e3 0-0 5. Be2 d6 6. h3 c5 7. 0-0 b6 8. c4 cxd4 9. exd4 d5 10. Nc3 Bb7 11. Ne5 dxc4 12. Bxc4 Nd5 13. Qf3 e6 14. Nxd5 Bxd5 15. Bxd5 Qxd5 16. Qxd5 exd5 17. Rac1 f6 18. Nd3 Na6 19. b4 Rac8 20. b5 Nb8 21. Nb4 f5 22. Nxd5 Rxc1 23. Rxc1 Rd8 24. Ne7+ Kf8 25. Nc6 Nxc6 26. bxc6 Bxd4 27. Rd1 1-0

[Event "SVK-chT 0607"]
[Site "Slovakia"]
[Date "2007.01.07"]
[Round "7"]
[White "David, Pavel"]
[Black "Gasa, Andrej"]
[Result "1/2-1/2"]
[WhiteElo "2411"]
[BlackElo "2207"]
[PlyCount "39"]
[EventDate "2006.10.21"]
[EventType "team-tourn"]
[EventRounds "11"]
[EventCountry "SVK"]
[SourceTitle "EXT 2019"]
[Source "ChessBase"]
[SourceDate "2018.10.10"]
[SourceVersion "1"]
[SourceVersionDate "2018.10.10"]
[SourceQuality "1"]
[WhiteTeam "Hlohovec"]
[BlackTeam "Senica"]
[WhiteTeamCountry "SVK"]
[BlackTeamCountry "SVK"]

1. c4 e5 2. Nc3 Nc6 3. Nf3 Nf6 4. g3 Bb4 5. Bg2 0-0 6. 0-0 d6 7. d3 h6 8. Bd2 Re8 9. a3 Bxc3 10. Bxc3 d5 11. cxd5 Nxd5 12. Rc1 Nxc3 13. Rxc3 Nd4 14. e3 Nxf3+ 15. Qxf3 c6 16. Rd1 Qb6 17. Rd2 Bd7 18. Qd1 Rad8 19. b4 a5 20. Qa4 1/2-1/2

[Event "CZE-chT 0607"]
[Site "Czech Republic"]
[Date "2006.12.03"]
[Round "4.6"]
[White "David, Pavel"]
[Black "Novak, Pavel"]
[Result "1-0"]
[WhiteElo "2411"]
[BlackElo "2349"]
[PlyCount "111"]
[EventDate "2006.12.01"]
[EventType "team"]
[EventRounds "11"]
[EventCountry "CZE"]
[SourceTitle "CBM 115 Extra"]
[Source "ChessBase"]
[SourceDate "2007.01.10"]
[SourceVersion "1"]
[SourceVersionDate "2007.01.10"]
[SourceQuality "1"]
[WhiteTeam "Zlin"]
[BlackTeam "Plzen"]
[WhiteTeamCountry "CZE"]
[BlackTeamCountry "CZE"]

1. c4 Nf6 2. Nc3 e6 3. Nf3 d5 4. d4 c6 5. e3 Nbd7 6. Bd3 dxc4 7. Bxc4 b5 8. Bd3 Bb7 9. 0-0 b4 10. Ne4 Be7 11. Qe2 0-0 12. Nxf6+ Bxf6 13. Rd1 Qb6 14. e4 c5 15. e5 Be7 16. Be4 Rfd8 17. Bg5 Bxg5 18. Nxg5 Bxe4 19. Qxe4 Nf8 20. dxc5 Qxc5 21. Qb7 f6 22. Qf7+ Kh8 23. Nxe6 Nxe6 24. Qxe6 Qxe5 25. Qxe5 fxe5 26. Kf1 h6 27. Ke2 Rxd1 28. Rxd1 Rc8 29. Rd5 Rc2+ 30. Rd2 Rc1 31. Kd3 Kh7 32. Rc2 Rg1 33. f3 Rd1+ 34. Rd2 Rc1 35. Re2 Rc5 36. Rc2 Rd5+ 37. Ke4 Ra5 38. b3 Kg6 39. h4 Kf6 40. g4 Ra6 41. Kd5 h5 42. Re2 Ra5+ 43. Kc4 hxg4 44. fxg4 Ke6 45. Kxb4 Rd5 46. Kc3 Rd4 47. Rg2 Rf4 48. h5 Kd5 49. g5 Rf3+ 50. Kd2 Ke6 51. Rh2 Kf7 52. h6 gxh6 53. gxh6 Kg8 54. Re2 Rf5 55. Kd3 Kh7 56. Ke4 1-0